| 000 | 02106nas a2200325 i 4500 | ||
|---|---|---|---|
| 001 | 173062 | ||
| 003 | ES-MaACL | ||
| 005 | 20251108164635.0 | ||
| 007 | t| | ||
| 008 | 091021d1924 sp a| m o| ||pa d | ||
| 080 | _a3 : 061.12(460) | ||
| 110 | 2 |
_aReal Academia de Ciencias Morales y Políticas (España) _9222050 |
|
| 245 | 1 | 0 |
_aDiscursos de recepción leídos en la Real Academia de Ciencias Morales y Políticas _g1919-1920. |
| 260 |
_aMadrid : _b[s. n.], _c1924 (Est. Tip. de Jaime Ratés Martín) |
||
| 300 |
_a1 v. ; _c26 cm. |
||
| 505 | 8 | 0 | _aContiene: Tomo XIII: La organización económica nacional / Luis Marichalar y Monreal (150 p.). Contestación / Eduardo Sanz y Escartín (p. 151-175). La prerrogativa regia y la reforma constitucional / José Manuel Pedregal (p. 177-223). Contestación / Amós Salvador (p. 225-246). Proceso del sindicalismo revolucionario / Julio Puyol y Alonso (p. 247-311). Contestación / Adolfo Bonilla y San Martín (p. 313-327). La Rota española / Javier Vales Failde (p. 329-453). Contestación / Marqués de Figueroa (p. 455-475). La jurisprudencia y la vida del derecho / Niceto Alcalá-Zamora y Torres (p. 477-521). Contestación / Rafael Ureña y Smenjaud (p. 523-534). Ideario de previsión social / Álvaro López Núñez (p. 535-639). Contestación / Eduardo Sanz y Escartín (p. 641-653). |
| 700 | 1 |
_aSalvador y Rodrigáñez, Amós, _d1845-1922 _9102102 |
|
| 700 | 1 |
_aBonilla y San Martín, Adolfo, _d1875-1926 _930193 |
|
| 700 | 1 |
_aEza, Luis Marichalar y Monreal, _cVizconde de, _d1873-1945 _976705 |
|
| 700 | 1 |
_aSanz y Escartín, Eduardo, _d1855-1939 _9103695 |
|
| 700 | 1 |
_aPedregal y Sánchez Calvo, José Manuel. _989898 |
|
| 700 | 1 |
_aPuyol y Alonso, Julio, _d1865-1937 _994454 |
|
| 700 | 1 |
_aVales Failde, Javier. _9112684 |
|
| 700 | 1 |
_aFigueroa, Juan Armada y Losada, _cMarqués de, _d1861-1932 _950781 |
|
| 700 | 1 |
_aAlcalá Zamora, Niceto, _d1877-1949 _919473 |
|
| 700 | 1 |
_aUreña y Smenjaud, Rafael de, _d1852-1930 _9112127 |
|
| 700 | 1 |
_aLópez Núñez, Alvaro. _973832 |
|
| 852 |
_aES-MaACL _jK-195 |
||
| 999 |
_c173062 _d173062 |
||